|
|
|
|
| LEADER |
00000caa a22000002c 4500 |
| 001 |
1526068281 |
| 003 |
DE-627 |
| 005 |
20230426105814.0 |
| 007 |
tu |
| 008 |
160223s1991 xx ||||| 00| ||eng c |
| 020 |
|
|
|a 3110123878
|
| 035 |
|
|
|a (DE-627)1526068281
|
| 035 |
|
|
|a (DE-576)456068287
|
| 035 |
|
|
|a (DE-599)BSZ456068287
|
| 040 |
|
|
|a DE-627
|b ger
|c DE-627
|e rakwb
|
| 041 |
|
|
|a eng
|
| 100 |
1 |
|
|a Egg, Rudolf
|d 1948-
|0 (DE-588)121657248
|0 (DE-627)081448600
|0 (DE-576)160831415
|4 aut
|
| 109 |
|
|
|a Egg, Rudolf 1948-
|a Egg, R. 1948-
|
| 245 |
1 |
0 |
|a Therapy and sentencing of drug addicts
|c Rudolf Egg
|
| 264 |
|
1 |
|c 1991
|
| 336 |
|
|
|a Text
|b txt
|2 rdacontent
|
| 337 |
|
|
|a ohne Hilfsmittel zu benutzen
|b n
|2 rdamedia
|
| 338 |
|
|
|a Band
|b nc
|2 rdacarrier
|
| 773 |
0 |
8 |
|i In
|t Social prevention and the social sciences
|d Berlin [u.a.] : de Gruyter, 1991
|g (1991), Seite 479-488
|h XII, 638 S.
|w (DE-627)1603498044
|w (DE-576)026563584
|z 3110123878
|7 nnam
|
| 773 |
1 |
8 |
|g year:1991
|g pages:479-488
|
| 935 |
|
|
|a mkri
|
| 951 |
|
|
|a AR
|
| ELC |
|
|
|b 1
|
| LOK |
|
|
|0 000 xxxxxcx a22 zn 4500
|
| LOK |
|
|
|0 001 2899574914
|
| LOK |
|
|
|0 003 DE-627
|
| LOK |
|
|
|0 004 1526068281
|
| LOK |
|
|
|0 005 20260119091843
|
| LOK |
|
|
|0 008 160208||||||||||||||||ger|||||||
|
| LOK |
|
|
|0 040
|a DE-21-110
|c DE-627
|d DE-21-110
|
| LOK |
|
|
|0 689
|a s
|a Drogenstrafrecht
|
| LOK |
|
|
|0 689
|a s
|a Drogentherapie
|
| LOK |
|
|
|0 689
|a s
|a Therapie statt Strafe
|
| LOK |
|
|
|0 852
|a DE-21-110
|
| LOK |
|
|
|0 852 1
|m p
|9 00
|
| LOK |
|
|
|0 935
|a k110
|
| LOK |
|
|
|0 938
|k p
|
| LOK |
|
|
|0 939
|a 08-02-16
|b l01
|
| ORI |
|
|
|a SA-MARC-krimdoka001.raw
|